Вып. 3: Теория, методы и средства акустико-эмиссионной диагностики; Диагностика и прогнозирование разрушения сварных конструкций

Xehetasun bibliografikoak
Parent link:Диагностика и прогнозирование разрушения сварных конструкций: республиканский межведомственный сборник научных трудов/ Академия наук Украинской ССР (АН УССР), Институт электросварки им. Е. О. Патона (ИЭС). Вып. 3: Теория, методы и средства акустико-эмиссионной диагностики.— , 1985-1988
Beste egile batzuk: Патон Б. Е. Борис Евгеньевич (редактор)
Hizkuntza:errusiera
Argitaratua: 1986
Gaiak:
Formatua: Liburua
KOHA link:https://koha.lib.tpu.ru/cgi-bin/koha/opac-detail.pl?biblionumber=265361

MARC

LEADER 00000nam2a2200000 4500
001 265361
005 20231101233920.0
020 |a RU  |b 85-72682ж 
035 |a (RuTPU)RU\TPU\book\288362 
035 |a RU\TPU\book\286333 
090 |a 265361 
100 |a 20140625d1986 k y0rusy5003 ca 
101 0 |a rus 
102 |a UA 
200 0 |a Вып. 3: Теория, методы и средства акустико-эмиссионной диагностики  |f отв. ред. Б. Е. Патон 
210 |d 1986 
215 |d 26 см  |a 107 с.  |c ил. 
461 1 |0 (RuTPU)RU\TPU\book\107844  |t Диагностика и прогнозирование разрушения сварных конструкций  |o республиканский межведомственный сборник научных трудов  |f Академия наук Украинской ССР (АН УССР), Институт электросварки им. Е. О. Патона (ИЭС)  |v Вып. 3: Теория, методы и средства акустико-эмиссионной диагностики  |d 1985-1988 
606 1 |a Сварные конструкции  |x Качество  |2 stltpush  |3 (RuTPU)RU\TPU\subj\72752  |9 86156 
610 1 |a сварные конструкции 
610 1 |a разрушение 
610 1 |a акустико-эмиссионная диагностика 
610 1 |a теория 
610 1 |a методы 
610 1 |a средства 
610 1 |a диагностика 
610 1 |a прогнозирование 
610 1 |a акустическая эмиссия 
675 |a 621.791.05  |v 3 
702 1 |a Патон  |b Б. Е.  |c украинский ученый в области металлургии и сварки, академик АН СССР  |c президент Национальной Академии наук Украины  |f 1918-  |g Борис Евгеньевич  |2 stltpush  |3 (RuTPU)RU\TPU\pers\17164  |4 340  |9 6303 
801 0 |a RU  |b 63413507  |c 19950704  |g psbo 
801 1 |a RU  |b 63413507  |c 20060818  |g PSBO 
801 2 |a RU  |b 63413507  |c 20160422  |g PSBO 
942 |c BK